000 01335cam a2200385 i 4500
001 11448417
003 OSt
005 20211015143911.0
006 m o d
007 cr cn|||||||||
008 130228s2013 gw a ob 001 0 eng d
020 _a9783433030417
035 _a(CaPaEBR)ebr10763012
035 _a(NNC)11448417
038 _akhadija
040 _aCaPaEBR
_beng
_erda
_epn
_cCaPaEBR
041 1 _aeng
_hger
050 1 4 _aTJ828
_b.G78 2013eb
082 0 4 _a621.312136
_223
_bGRU
100 1 _aGrünberg, Jürgen.
_983250
245 1 0 _aConcrete Constructions for Wind Turbines /
_cJurgen Grunberg, Joachim Gohlmann.
300 _a1 online resource (244 pages) :
_billustrations
500 _aTranslated from the German.
504 _aIncludes bibliographical references and index.
563 _aPB
590 _aElectronic reproduction. Palo Alto, Calif. : ebrary, 2015. Available via World Wide Web. Access may be limited to ebrary affiliated libraries.
650 0 _aConcrete construction.
650 0 _aWind turbines
_xDesign and construction.
_983251
655 0 _aElectronic books.
_9621
700 1 _aGöhlmann, Joachim.
_983252
797 2 _aebrary.
856 4 0 _uhttp://www.columbia.edu/cgi-bin/cul/resolve?clio11448417
_zClick here for full text.
942 _2ddc
_cBK
999 _c34002
_d34002